| 000 | 02237nam0a2200313 4500 | ||
|---|---|---|---|
| 001 | RU\NLR\BIBL_A\011438803 | ||
| 005 | 20240921132652.0 | ||
| 010 |
_a9785962414461 _9100 |
||
| 021 |
_aRU _b2017-45508 _93286 |
||
| 035 | _a(RuMoRGB)008917675 | ||
| 035 | _a(NLR Aleph) 011438803 | ||
| 090 |
_a11690154 _c11690154 |
||
| 100 | _a20170713d2017 k y0rusy50 ca | ||
| 101 | 0 | _arus | |
| 102 | _aRU | ||
| 105 | _ay z 000zy | ||
| 200 | 1 |
_aНавстречу монополии адвокатов на представительство в арбитражном суде _eсборник трудов _fМ. А. Подлипная _gФедеральное государственное бюджетное образовательное учреждение высшего образования "Всероссийский государственный университет юстиции (РПА Минюста России)", Иркутский институт (филиал), Кафедра гражданского права и процесса, Студенческая научная школа Центр методологии судебной и договорной работы |
|
| 210 |
_aИркутск _cИзд-во ИГУ _aМосква _cФедеральное государственное бюджетное образовательное учреждение высшего образования "Всероссийский государственный университет юстиции (РПА Минюста России)" _d2017 |
||
| 215 |
_a74 с. _d20 |
||
| 320 | _aБиблиогр. в подстроч. примеч. | ||
| 606 | 1 |
_aПредставительство в арбитражном процессе _jСборники _yРоссийская Федерация _92248436 _3RU\NLR\AUTH\661348810 |
|
| 606 | 1 |
_aАдвокат в арбитражном процессе _jСборники _yРоссийская Федерация _92387580 _3RU\NLR\AUTH\661424078 |
|
| 686 |
_aХ629.221-8я44 _2rubbk |
||
| 686 | 1 | _aХ629.221-8я44 | |
| 700 | 1 |
_aПодлипная _bМ. А. _gМария Александровна |
|
| 942 | _cBOOK | ||
| 980 | _aNBR | ||